INTRODUCTION TO STATISTICAL DECISION THE (Record no. 9400)

MARC details
000 -LEADER
fixed length control field 00342nam a2200133Ia 4500
008 - FIXED-LENGTH DATA ELEMENTS--GENERAL INFORMATION
fixed length control field 240624s9999 xx 000 0 und d
041 ## - LANGUAGE CODE
Language code of text/sound track or separate title eng
082 ## - DEWEY DECIMAL CLASSIFICATION NUMBER
Classification number 519.5 PRA
100 ## - MAIN ENTRY--PERSONAL NAME
Personal name PRATT JOHN W
245 ## - TITLE STATEMENT
Title INTRODUCTION TO STATISTICAL DECISION THE
260 ## - PUBLICATION, DISTRIBUTION, ETC.
Date of publication, distribution, etc. 1995
Place of publication, distribution, etc. London
Name of publisher, distributor, etc. MIT Press
300 ## - PHYSICAL DESCRIPTION
Extent xix, : 875 : p. : cm. ; 25
365 ## - TRADE PRICE
Currency code
Price amount 36
Holdings
Withdrawn status Lost status Damaged status Not for loan Home library Current library Shelving location Date acquired Source of acquisition Cost, normal purchase price Full call number Barcode Date last seen Copy number Price effective from Koha item type
        IMTN IMTN Rack 19-A 08/01/2008 MM 58.00 519.5 PRA 9400 06/24/2024 45.2 06/24/2024 Books
Designed & Maintained by: LRC IMT Nagpur Contact: lrc@imtnag.ac.in© 2024. All Rights Reserved.